000 00380nam a22001697a 4500
005 20240403121038.0
008 160629b xxu||||| |||| 00| 0 eng d
020 _a978-81-89988-32-6
041 _aeng
082 _b10866
100 _aKelly, Larraine
_93241
245 _aSuper Confidence
260 _bHay House
_c2008
300 _a333
650 _aManagement
942 _cBK
999 _c4774
_d4772